| 000 | 01371cam a22004337a 4500 | ||
|---|---|---|---|
| 003 | CHAP | ||
| 005 | 20220817044008.0 | ||
| 008 | 050218d2003 it rn 00110 eng d | ||
| 010 | _a89620 | ||
| 011 | _a90592 | ||
| 020 | _a9251050570 | ||
| 035 | _a101148 | ||
| 040 | _cCHAP | ||
| 082 | 0 | 4 |
_a338.174772 _bF3 v.1 |
| 110 | 2 | _aFAO | |
| 245 | 1 | 4 |
_aThe world banana economy 1985-2002 _c/by Pedro Arias (and others) |
| 260 |
_aRome : _bFAO, _c2003. |
||
| 300 |
_a86 p. : _bgráfs. |
||
| 410 | 2 | 0 | _aFAO |
| 490 | 0 |
_aEstudios FAO de productos básicos _v; 1 |
|
| 590 |
_aBATCH-UPD _b10 _c20130110 _lUCH01 _h0113 |
||
| 590 |
_aBATCH-UPD _b10 _c20130110 _lUCH01 _h1907 |
||
| 590 |
_aBATCH-UPD _b10 _c20130409 _lUCH01 _h2105 |
||
| 590 |
_aBATCH-UPD _b10 _c20130410 _lUCH01 _h1234 |
||
| 590 |
_aBATCH-UPD _b10 _c20130914 _lUCH01 _h1330 |
||
| 590 |
_aCONVERSION _b10 _c20130109 _lUCH01 _h1350 |
||
| 650 | 1 | 4 |
_aPlátano _xAspectos económicos. _989206 |
| 650 | 1 | 4 |
_aPlátano _xEstadísticas. _989234 |
| 650 | 1 | 4 |
_aPlátano _xExportación. _989236 |
| 650 | 1 | 4 |
_aPlátano _xMercadeo. _989252 |
| 650 | 1 | 4 |
_aPlátano _xRendimiento. _989265 |
| 700 | 0 |
_aArias, Pedro. _97080 |
|
| 810 | 0 | _aFAO | |
| 830 | 0 | 0 |
_aEstudios FAO de productos básicos _v; 1 _938542 |
| 901 | _aBK | ||
| 905 | _aLilia | ||
| 942 | _cLIBRO | ||
| 949 |
_a338.174772 v.1 _bBC _cFAO _d33724000933602 _eFAO1 _h104923 _i101148 _sb |
||
| 999 |
_c89620 _d89620 |
||